ਵਾਸਲੋਂ ਉਰੇ: (Record no. 110293)

MARC details
000 -LEADER
fixed length control field 00996nam a22002537a 4500
005 - DATE AND TIME OF LATEST TRANSACTION
control field 20170123164150.0
010 ## - LIBRARY OF CONGRESS CONTROL NUMBER
LC control number A-938486
020 ## - INTERNATIONAL STANDARD BOOK NUMBER
Terms of availability 175.00
035 ## - SYSTEM CONTROL NUMBER
System control number A-938486
037 ## - SOURCE OF ACQUISITION
Source of stock number/acquisition Cen Lib/Ret
040 ## - CATALOGING SOURCE
Original cataloging agency DPL
Language of cataloging PN
082 ## - DEWEY DECIMAL CLASSIFICATION NUMBER
Classification number
Item number ਕਰਨੈ
100 ## - MAIN ENTRY--PERSONAL NAME
Personal name ਕਰਨੈਲ ਸਿੰਘ ਗਿਆਨੀ
9 (RLIN) 9532
245 ## - TITLE STATEMENT
Title ਵਾਸਲੋਂ ਉਰੇ:
Statement of responsibility, etc ਕਰਨੈਲ ਸਿੰਘ ਗਿਆਨੀ
Remainder of title ਕਹਾਨੀ ਸੰਗ੍ਰਹਿ /
246 ## - VARYING FORM OF TITLE
Title proper/short title Vaslon urey : short stories /
Remainder of title by Karnail Singh Gyani
260 ## - PUBLICATION, DISTRIBUTION, ETC. (IMPRINT)
Place of publication, distribution, etc ਅੰਮ੍ਰਿਤਸਰ
Name of publisher, distributor, etc ਲੇਕ ਸਾਹਿਤ ਪ੍ਰਕਾਸ਼ਨ
Date of publication, distribution, etc 1998
270 ## - ADDRESS
Address 186, ਗੀ੍ਲ ਔਵੀਨਿਊ
City ਅੰਮ੍ਰਿਤਸਰ
300 ## - PHYSICAL DESCRIPTION
Extent 160p ;
Dimensions 20cm
650 ## - SUBJECT ADDED ENTRY--TOPICAL TERM
Topical term or geographic name as entry element ਪੰਜਾਬੀ ਕਹਾਣੀਆ
9 (RLIN) 128947
650 ## - SUBJECT ADDED ENTRY--TOPICAL TERM
Topical term or geographic name as entry element ਸਾਹਿਤ -- ਪੰਜਾਬੀ
9 (RLIN) 128948
650 ## - SUBJECT ADDED ENTRY--TOPICAL TERM
Topical term or geographic name as entry element literature -- Punjabi
9 (RLIN) 128949
650 ## - SUBJECT ADDED ENTRY--TOPICAL TERM
Topical term or geographic name as entry element Punjabi -- story
9 (RLIN) 128950
942 ## - ADDED ENTRY ELEMENTS (KOHA)
Source of classification or shelving scheme Dewey Decimal Classification
Koha item type Punjabi Bks
Classification part
Call number suffix ਕਰਨੈ
Holdings
Withdrawn status Lost status Damaged status Not for loan Home library Current library Date acquired Source of acquisition Cost, normal purchase price Total Checkouts Full call number Barcode Date last seen Copy number Cost, replacement price Price effective from Koha item type
        Central Library Central Library 19/01/2016 Cen Lib/Ret 175.00   ਕ ਕਰਨੈ A-938486 19/01/2016 1 175.00 19/01/2016 Punjabi Bks

© Delhi Public Library
Hit Counter
free hit counter